Trabajo y ojo

Spremljeno u:
Bibliografski detalji
Glavni autor: North, Rachel V. (autora)
Format: Knjiga
Jezik:španjolski
Izdano: Barcelona Masson 1996
Teme:
Oznake: Dodaj oznaku
Bez oznaka, Budi prvi tko označuje ovaj zapis!

MARC

LEADER 00000nam a2200000 a 4500
001 UCO9263
003 CL-VaPUC
008 010125e19960000SP |||||||||||||||||spa|d
082 0 4 |a 612.84  |b NOR  |2 21 
100 |a North, Rachel V.  |e autora  |9 454303 
245 1 0 |a Trabajo y ojo 
300 |a 279 p 
942 |c BK 
945 |d 20010125 00:00:00  |a cmena 
260 |a Barcelona  |b Masson  |c 1996 
650 0 |a Visión  |9 269056 
650 0 |a Defectos visuales  |9 341018 
650 0 |a Prevención de enfermedades  |9 393975 
650 7 |a LESIONES OCULARES  |2 CL-VaPUC  |9 454304 
650 0 |a Enfermedades profesionales  |9 368084 
650 7 |a SEGURIDAD INDUSTRIAL  |2 CL-VaPUC  |9 254906 
583 |a last modification  |c 20010125 00:00:00  |k Rodrigo Vera 
999 |c 293526  |d 293524 
952 |0 0  |1 0  |4 0  |6 612_840000000000000_NOR_1996  |7 0  |8 A  |9 345102  |a BIBCUR  |b BIBCUR  |d 2019-11-20  |i 3682080  |o 612.84 NOR 1996  |p 3682080  |r 2025-04-22  |w 2019-11-20  |y BK  |k TEM